| 000 | 01518cam a22003375a 4500 | ||
|---|---|---|---|
| 003 | EG-ScBUE | ||
| 005 | 20220508153724.0 | ||
| 008 | 091215s2006 enk f b 001 0 eng d | ||
| 020 | _a0521606640 | ||
| 020 | _a9780521606646 | ||
| 040 |
_aEG-ScBUE _beng _erda _cEG-ScBUE _dEG-ScBUE |
||
| 082 | 0 | 4 |
_a418.0071 _bCOO _222 |
| 245 | 0 | 0 |
_aCooperative learning and second language teaching / _cEdited by Steven G. McCafferty, University of Nevada, George M. Jacobs, Broward Community College and Ana Christina DaSilva Iddings, University of Arizona. |
| 264 | 1 |
_aCambridge : _bCambridge University Press, _c2006. |
|
| 300 |
_aix, 223 pages ; _c23 cm. |
||
| 336 |
_2rdacontent _atext _btxt |
||
| 337 |
_2rdamedia _aunmediated _bn |
||
| 338 |
_2rdacarrier _avolume _bnc |
||
| 490 | 0 | _aCambridge language education | |
| 504 | _aIncludes bibliographical references and index. | ||
| 520 | _a"Preservice and in-service teachers, materials developers, and anyone interested in a collaborative approach to teaching and learning will want to add Cooperative Learning and Second Language Teaching to their collections."--Jacket. | ||
| 650 | 7 |
_aLanguage and languages _xStudy and teaching. _2BUEsh _99974 |
|
| 650 | 7 |
_aGroup work in education. _2BUEsh _99975 |
|
| 651 | _2BUEsh | ||
| 653 |
_bHHUUEENN _cAugust2018 |
||
| 655 |
_vReading book _934232 |
||
| 700 | 1 |
_aMcCafferty, Steven G., _eeditor. _99976 |
|
| 700 | 1 |
_aJacobs, George M., _eeditor. _99977 |
|
| 700 | 1 |
_aDaSilva Iddings, Ana Christina, _eeditor. _99978 |
|
| 942 |
_2ddc _cBB |
||
| 999 |
_c2623 _d2623 |
||